Statistics for Spot the American!

Click here to take the quiz!

General Stats

  • This quiz has been taken 26,604 times
  • The average score is 10 of 15

Answer Stats

QuestionAnswer% Correct
CountriesBolivia
95%
Capital citiesLima
92%
Country flags
86%
Cities by picture
85%
LanguagesQuechua
85%
LakesLake Titicaca
79%
Fictional charactersJohn Henry
78%
Mythical creaturesChupacabra
76%
Fruits and vegetables (by origin)Potato
60%
ActorsSteve McQueen
59%
DancesTango
56%
Rock bandsCreedence Clearwater Revival
54%
Styles of artAbstract expressionism
52%
FoodsPeanut butter
49%
Nobel laureatesLinus Pauling
38%

Score Distribution

Percentile by Number Answered

Percent of People with Each Score

Your Score History

You have not taken this quiz